| 000 | 00477cam a2200181ua 4500 | ||
|---|---|---|---|
| 020 | _c11233.00 | ||
| 041 |
_aeng _h |
||
| 082 |
_a028.71664 _bSTE/HA |
||
| 100 | _aSteinkraus, Keith H . | ||
| 245 | 0 | 0 |
_aHandbook of indigeneous fermented foods / _cKeith H Steinkraus. _hTextual Documents |
| 250 |
_a2 / _b. |
||
| 260 |
_aNew York : _bMarcel Dekker Inc. , _c1996. |
||
| 300 | _a776 ; . | ||
| 365 | _a11233.00 | ||
| 504 | _a | ||
| 942 | _cBK | ||
| 999 |
_c11296 _d11296 |
||